| 000 | 00731nam a2200193 a 4500 | ||
|---|---|---|---|
| 003 | 0 | ||
| 005 | 20250208125556.0 | ||
| 008 | 130125s19uu xx 00 eng d | ||
| 050 |
_aPHS LB 3609 _b.G424 2012 |
||
| 100 | _aGhim, Han Na. | ||
| 245 |
_aSocial networking and the relationships of 4th year students at Southville International School and Colleges / _cHan Na Ghim. |
||
| 260 |
_aLas PiƱas City, Philippines : _bSouthville International School and Colleges, _c2012. |
||
| 300 |
_a24 pages : _billustrations ; _c28 cm. |
||
| 504 | _aIncludes bibliographical references. | ||
| 650 | _aInternet and teenagers | ||
| 650 |
_aOnline social networks _xInfluence |
||
| 650 |
_aHigh school students _xAnalysis |
||
| 942 |
_2lcc _cPASS |
||
| 999 |
_c98840 _d98840 |
||